| 000 | 01209 a2200229 4500 | ||
|---|---|---|---|
| 003 | Nust | ||
| 005 | 20230119125828.0 | ||
| 010 | _a 86010500 | ||
| 020 | _a0070552797 : | ||
| 040 | _cNust | ||
| 082 | 0 | 0 | _a670,SCH |
| 100 | 1 | _aSchey, John A. | |
| 245 | 1 | 0 |
_aIntroduction to manufacturing processes / _cJohn A. Schey. |
| 250 | _a2nd ed. | ||
| 260 |
_aNew York : _bMcGraw-Hill, _cc1987. |
||
| 300 |
_axxi, 714 p. : _bill. ; _c24 cm. |
||
| 505 | _aIntroduction to Manufacturing (Page-1), Attributes of Manufactured Products (Page-35), Metal Casting (Page-99), Bulk Deformation Processes (Page-183), Sheet-Metalworking Processes (Page-280), Processing of Particulate Metals and Ceramics and of Glasses (Page-330), Processing of Polymers (Page-380), Machining (Page-441), Joining Processes (Page-538), Manufacture of Semiconductor Devices (Page-584), Manufacturing Systems (Page-623), Competitive Aspects of Manufacturing Processes (Page-656). | ||
| 650 | 0 | _aManufacturing processes. | |
| 856 | 4 | 2 |
_3Publisher description _uhttp://www.loc.gov/catdir/enhancements/fy0602/86010500-d.html |
| 856 | 4 | 2 |
_3Table of contents only _uhttp://www.loc.gov/catdir/enhancements/fy0602/86010500-t.html |
| 942 |
_2ddc _cBK |
||
| 999 |
_c185005 _d185005 |
||